| 000 | 00493nam a22001817a 4500 | ||
|---|---|---|---|
| 999 |
_c6212 _d6212 |
||
| 003 | GBCCL | ||
| 005 | 20241126110558.0 | ||
| 008 | 180503b ||||| |||| 00| 0 eng d | ||
| 040 | _cgbc | ||
| 082 |
_a220.922 _bSAU |
||
| 100 |
_aSaunders, Lowell _910657 |
||
| 245 |
_aMeet yourself in the Bible / _cLowell Saunders |
||
| 250 | _aRev. ed. | ||
| 260 |
_aColorado: _bAccent-B/P Publications, _c1979 |
||
| 300 |
_a156 p.; _bill., _c19 cm. |
||
| 650 |
_aBible _xBiography _911153 |
||
| 942 |
_2ddc _cBK _01 |
||